00849 a2200205 4500010001400000020002300014035001300037037001800050082001200068090001500080100002400095245013900119260004300258260005100301270008200352300003000434942002800464999001500492952013600507 aENG-85219 a8172112211c350.00 aEN-68752 bD.B.Act / Pub14a332.041 c1707d17071 aRamachandran, K. S.1 aEfficiency of capitalcby K. S. Ramachandran and Brijesh KumarbNIILM 1000 corporates under the aegis of NIILM-CMS research programme aNew DelhibNorthern Book Centrec2006. aNew DelhibNIILM Centre for Management Studies a4221/1, Ansari Road, Darya GanjbNew DelhicDelhie110002k23264519l23252651 axvi, 239 p.c24 cm. (Pbk) adplcENk332.041 / RAM c1677d1677 00102ddc40718NFICaDBADbDBADeDBAD/PUBg350.00l0o332.041 RAMpEN-68752r2008-09-15 00:00:00t1u1775v350.00w2008-09-15yEN